000 00387nam a2200145Ia 4500
008 230917s9999||||xx |||||||||||||| ||und||
040 _e75321
_aMAIN
041 _aEnglish
082 _a658.8 D232I
100 _aD'Anna, John P
245 0 _aInventory and profit: the balance of power in buying and selling
260 _aMumbai
_bTaraporevala
_c1978
300 _a123 p.
942 _cBK
999 _c207981
_d207981